000 00505nam a2200193Ia 4500
003 GCL
008 140319s9999 xx 000 0 aRus d
040 _aGCL /
_cGCL
082 0 4 _a861
_bJ A
100 1 _aJIMENEZ, JUAN ROMON
245 1 0 _aANTOLOGIA POETICA, 2 (1917 - 1935) /
_cJIMENEZ, JUAN ROMON
260 _a[S.N] :
_bALIANZA EDITORIAL ،
_c1984
300 _a231 P
650 0 4 _aLITERATURE
650 0 4 _aPOETRY
650 0 4 _aSPANISH LITERATURE
650 0 4 _aSPANISH POETRY
942 _2ddc
_cBK
999 _c11301
_d11301